000 00729cam a22001815a 4500
001 ##J100681
008 000000s1904 000 0 eng u
035 _a(Sirsi) u100681
041 0 _aeng
050 0 4 _a942.273 $2 22
110 2 _aAuctioneers' Institute of the United Kingdom
_93785
245 0 0 _aVisit to South Wales
_bThursday, Friday & Saturday, September 1st, 2nd and 3rd, 1904
260 _a[S.l.]
_b[s.n.]
_c1904
300 _a11p.
_bill
_bmaps
_c16cm.
520 _aPamphlet outlining the list of committee members; objectives of the institution; qualifications and admission of members; general arrangements, and itinerary of the institution work visit to South Wales.
690 _aAuctioneering
_96218
942 _n0
999 _c99754
_d99754